000 00315nam a22001337a 4500
008 170921b xxu||||| |||| 00| 0 eng d
020 _a000020027612
041 _aeng
080 _a78
100 _a45
101 _aMUZ
245 _aSCHIRMERS LIBRARY OF MUSICAL CLASSICS
_cBRAHMS.SCH.SCH
942 _2udc
_cBK
999 _c28795
_d28795